000 00820cam a2200205 i 4500
005 20251214101151.0
008 250721s2019 ua gr 000 0 ara d
020 _a9789778410075
082 1 4 _a216.531
_bح ج ا
100 1 _aحجازي، محمد
_eمؤلف.
245 1 0 _aأحكام الإثبات في إنحلال الرابطة الزوجية ومدى كفالتها في حماية العلاقات الأسرية /
_cالدكتور محمد حجازي.
250 _aالطبعة الأولى.
264 3 1 _aمصر :
_bالمركز العربي للنشر والتوزيع،
_c2019.
300 _a461 صفحة.
650 1 7 _aالاسرة.
650 1 7 _aالحقوق الاسرية.
650 1 7 _aقانون الاحوال الشخصية.
942 _2ddc
_cBK
999 _c141004
_d141004